[Event "Trofeo abierto Universidad de Jaen 2025"]
[Site "Maestra, 16 (Palacio de Cultura)"]
[Date "2025.04.05"]
[Round "5.5"]
[White "Liebana Sanchez, Hugo"]
[Black "Lirio Palomino, Javier"]
[Result "1-0"]
[TimeControl "10' + 5\""]
[WhiteFideId "94739986"]
[BlackFideId "54766338"]
[WhiteElo "1912"]
[BlackElo "1749"]

1. d4 {[%emt 00:00:02]} d5 {[%emt 00:00:01]} 2. c4 {[%clk 00:10:04]} {[%emt
00:00:08]} e6 {[%clk 00:10:14]} {[%emt 00:00:01]} 3. cxd5 {[%clk 00:09:59]}
{[%emt 00:00:10]} exd5 {[%clk 00:10:18]} 4. Nc3 {[%clk 00:10:01]} {[%emt
00:00:03]} c6 {[%emt 00:00:10]} 5. e3 {[%clk 00:09:57]} Nf6 {[%clk 00:10:23]}
{[%emt 00:00:04]} 6. Qc2 {[%clk 00:09:59]} {[%emt 00:00:02]} Bd6 {[%clk
00:10:18]} {[%emt 00:00:10]} 7. Bd3 {[%clk 00:09:59]} {[%emt 00:00:06]} O-O
{[%clk 00:10:20]} {[%emt 00:00:03]} 8. Nge2 {[%clk 00:09:55]} {[%emt 00:00:09]}
Re8 {[%clk 00:10:12]} {[%emt 00:00:13]} 9. O-O {[%clk 00:09:57]} {[%emt
00:00:02]} Nbd7 {[%clk 00:09:39]} {[%emt 00:00:38]} 10. e4 {[%clk 00:10:00]}
{[%emt 00:00:03]} dxe4 {[%clk 00:09:37]} {[%emt 00:00:07]} 11. Nxe4 {[%clk
00:10:03]} {[%emt 00:00:02]} Nxe4 {[%clk 00:09:39]} {[%emt 00:00:03]} 12. Bxe4
{[%clk 00:10:05]} {[%emt 00:00:03]} Nf6 {[%clk 00:09:42]} {[%emt 00:00:01]} 13.
Bf3 {[%clk 00:10:05]} {[%emt 00:00:05]} Nd5 {[%clk 00:07:29]} {[%emt 00:02:19]}
14. Nc3 {[%clk 00:09:13]} {[%emt 00:00:58]} Qh4 {[%clk 00:06:08]} {[%emt
00:01:26]} 15. g3 {[%clk 00:08:38]} {[%emt 00:00:39]} Qf6 {[%clk 00:05:49]}
{[%emt 00:00:24]} 16. Bg2 {[%clk 00:08:11]} {[%emt 00:00:32]} Bf5 {[%clk
00:05:47]} {[%emt 00:00:08]} 17. Qb3 {[%clk 00:07:05]} {[%emt 00:01:11]} Nb4
{[%clk 00:05:40]} {[%emt 00:00:12]} 18. Be3 {[%clk 00:05:57]} {[%emt 00:01:12]}
Bc2 {[%clk 00:05:28]} {[%emt 00:00:17]} 19. Qc4 {[%clk 00:05:49]} {[%emt
00:00:08]} Bd3 {[%clk 00:05:31]} {[%emt 00:00:07]} 20. Qb3 {[%clk 00:05:46]}
{[%emt 00:00:08]} Bxf1 {[%clk 00:05:06]} {[%emt 00:00:30]} 21. Bxf1 {[%clk
00:05:36]} {[%emt 00:00:15]} Qf5 {[%clk 00:04:42]} {[%emt 00:00:28]} 22. Bc4
{[%clk 00:05:23]} {[%emt 00:00:19]} Nc2 {[%clk 00:04:18]} {[%emt 00:00:29]} 23.
Bxf7+ {[%clk 00:04:32]} {[%emt 00:00:56]} Qxf7 {[%clk 00:04:21]} {[%emt
00:00:02]} 24. Qxc2 {[%clk 00:04:35]} {[%emt 00:00:02]} Rad8 {[%clk 00:04:24]}
{[%emt 00:00:02]} 25. Rd1 {[%clk 00:04:32]} {[%emt 00:00:08]} Bc7 {[%clk
00:04:25]} {[%emt 00:00:04]} 26. a3 {[%clk 00:04:18]} {[%emt 00:00:19]} Bb6
{[%clk 00:04:27]} {[%emt 00:00:03]} 27. Na4 {[%clk 00:04:10]} {[%emt 00:00:13]}
Qd5 {[%clk 00:04:12]} {[%emt 00:00:19]} 28. b4 {[%clk 00:03:42]} {[%emt
00:00:34]} Qb5 {[%clk 00:03:49]} {[%emt 00:00:29]} 29. Nc5 {[%clk 00:02:47]}
{[%emt 00:00:59]} Bxc5 {[%clk 00:03:31]} {[%emt 00:00:23]} 30. bxc5 {[%clk
00:02:37]} {[%emt 00:00:15]} Qa5 {[%clk 00:03:24]} {[%emt 00:00:11]} 31. Qb3+
{[%clk 00:02:21]} {[%emt 00:00:22]} Kh8 {[%clk 00:02:56]} {[%emt 00:00:32]} 32.
Qxb7 {[%clk 00:02:25]} {[%emt 00:00:02]} Re6 {[%clk 00:02:42]} {[%emt
00:00:18]} 33. Qf7 {[%clk 00:02:14]} {[%emt 00:00:17]} Rde8 {[%clk 00:02:34]}
{[%emt 00:00:13]} 34. Rb1 {[%clk 00:02:13]} {[%emt 00:00:07]} R6e7 {[%clk
00:02:17]} {[%emt 00:00:22]} 35. Qxe7 {[%emt 00:00:24]} 1-0

[Event "Trofeo abierto Universidad de Jaen 2025"]
[Site "Maestra, 16 (Palacio de Cultura)"]
[Date "2025.04.05"]
[Round "5.6"]
[White "Moya Gonzalez, Jesus"]
[Black "Blanca Almagro, Miguel Angel"]
[Result "0-1"]
[TimeControl "10' + 5\""]
[WhiteFideId "24560448"]
[BlackFideId "2245051"]
[WhiteElo "1752"]
[BlackElo "1905"]

1. d4 {[%clk 00:10:08]} {[%emt 00:00:02]} Nf6 {[%clk 00:10:05]} {[%emt
00:00:05]} 2. c4 {[%clk 00:10:11]} {[%emt 00:00:02]} e6 {[%clk 00:10:07]}
{[%emt 00:00:03]} 3. Nc3 {[%clk 00:10:13]} {[%emt 00:00:02]} Bb4 {[%clk
00:10:09]} {[%emt 00:00:03]} 4. Bd2 {[%clk 00:10:01]} {[%emt 00:00:18]} c5
{[%clk 00:10:11]} {[%emt 00:00:04]} 5. e3 {[%clk 00:10:01]} {[%emt 00:00:04]}
Nc6 {[%clk 00:10:13]} {[%emt 00:00:04]} 6. Nf3 {[%clk 00:10:02]} {[%emt
00:00:04]} O-O {[%clk 00:10:01]} {[%emt 00:00:16]} 7. g3 {[%clk 00:09:49]}
{[%emt 00:00:18]} cxd4 {[%clk 00:09:55]} {[%emt 00:00:12]} 8. exd4 {[%clk
00:09:34]} {[%emt 00:00:20]} d5 {[%clk 00:09:58]} {[%emt 00:00:02]} 9. c5
{[%clk 00:08:30]} {[%emt 00:01:09]} e5 {[%clk 00:09:54]} {[%emt 00:00:07]} 10.
a3 {[%clk 00:07:32]} {[%emt 00:01:05]} Bxc3 {[%clk 00:09:50]} {[%emt 00:00:08]}
11. Bxc3 {[%clk 00:07:31]} {[%emt 00:00:06]} e4 {[%clk 00:09:44]} {[%emt
00:00:11]} 12. Nd2 {[%clk 00:06:50]} {[%emt 00:00:46]} Re8 {[%clk 00:09:32]}
{[%emt 00:00:17]} 13. Be2 {[%clk 00:05:17]} {[%emt 00:01:39]} Bh3 {[%clk
00:09:20]} {[%emt 00:00:16]} 14. Nf1 {[%clk 00:03:33]} {[%emt 00:01:49]} b6
{[%clk 00:08:35]} {[%emt 00:00:50]} 15. Ne3 {[%clk 00:03:23]} {[%emt 00:00:15]}
bxc5 {[%clk 00:08:37]} {[%emt 00:00:03]} 16. Bb5 {[%clk 00:03:07]} {[%emt
00:00:22]} cxd4 {[%clk 00:08:12]} {[%emt 00:00:31]} 17. Bxd4 {[%clk 00:02:25]}
{[%emt 00:00:46]} Qa5+ {[%clk 00:08:11]} {[%emt 00:00:06]} 18. Qd2 {[%clk
00:01:29]} {[%emt 00:01:01]} Qxb5 {[%clk 00:08:12]} {[%emt 00:00:04]} 19. Bxf6
{[%clk 00:01:14]} {[%emt 00:00:21]} gxf6 {[%clk 00:07:29]} {[%emt 00:00:48]} 20.
Qxd5 {[%clk 00:01:03]} {[%emt 00:00:16]} Qxd5 {[%clk 00:06:16]} {[%emt
00:01:17]} 21. Nxd5 {[%clk 00:01:06]} {[%emt 00:00:02]} Nd4 {[%clk 00:05:58]}
{[%emt 00:00:23]} 22. O-O-O {[%clk 00:00:13]} {[%emt 00:00:59]} Rac8+ {[%clk
00:05:37]} {[%emt 00:00:26]} 23. Kb1 {[%clk 00:00:16]} {[%emt 00:00:02]} Nc6
{[%clk 00:04:55]} {[%emt 00:00:47]} 24. Nxf6+ {[%clk 00:00:18]} {[%emt
00:00:03]} Kg7 {[%clk 00:04:50]} {[%emt 00:00:10]} 25. Nxe8+ {[%clk 00:00:17]}
{[%emt 00:00:06]} Rxe8 {[%clk 00:04:53]} {[%emt 00:00:01]} 26. Rhe1 {[%emt
00:00:12]} Re7 {[%clk 00:04:41]} {[%emt 00:00:14]} 27. f3 {[%clk 00:00:07]}
{[%emt 00:00:11]} Bg2 {[%clk 00:04:34]} {[%emt 00:00:11]} 28. fxe4 {[%clk
00:00:10]} {[%emt 00:00:02]} Bxe4+ {[%clk 00:04:37]} {[%emt 00:00:02]} 29. Ka1
{[%clk 00:00:12]} {[%emt 00:00:03]} f5 {[%clk 00:04:33]} {[%emt 00:00:09]} 30.
Rd2 {[%clk 00:00:09]} {[%emt 00:00:07]} Ne5 {[%clk 00:03:57]} {[%emt 00:00:42]}
31. Rc1 {[%clk 00:00:08]} {[%emt 00:00:05]} Nd3 {[%clk 00:03:59]} {[%emt
00:00:04]} 32. Rc4 {[%clk 00:00:09]} {[%emt 00:00:04]} Kf6 {[%clk 00:03:57]}
{[%emt 00:00:07]} 33. Rd4 {[%clk 00:00:09]} {[%emt 00:00:05]} Nc5 {[%clk
00:03:54]} {[%emt 00:00:08]} 34. Rd6+ {[%clk 00:00:11]} {[%emt 00:00:03]} Ke5
{[%clk 00:03:58]} {[%emt 00:00:02]} 35. Rh6 {[%clk 00:00:12]} {[%emt 00:00:03]}
Nb3+ {[%clk 00:04:01]} {[%emt 00:00:01]} 0-1

[Event "Trofeo abierto Universidad de Jaen 2025"]
[Site "Maestra, 16 (Palacio de Cultura)"]
[Date "2025.04.05"]
[Round "6.2"]
[White "Barruz Serrano, Antonio Angel"]
[Black "Cano Padilla, Ruben Jesus"]
[Result "1-0"]
[TimeControl "10' + 5\""]
[WhiteFideId "2287994"]
[BlackFideId "2253526"]
[WhiteElo "1919"]
[BlackElo "1974"]

1. e4 {[%clk 00:10:06]} {[%emt 00:00:02]} c5 {[%clk 00:10:08]} {[%emt
00:00:03]} 2. Nf3 {[%clk 00:10:09]} {[%emt 00:00:02]} d6 {[%clk 00:10:11]}
{[%emt 00:00:02]} 3. Bb5+ {[%clk 00:10:12]} {[%emt 00:00:03]} Bd7 {[%clk
00:10:13]} {[%emt 00:00:01]} 4. Bxd7+ {[%clk 00:10:15]} {[%emt 00:00:02]} Nxd7
{[%clk 00:10:17]} {[%emt 00:00:03]} 5. c4 {[%clk 00:10:18]} Ngf6 {[%clk
00:10:04]} {[%emt 00:00:18]} 6. Nc3 {[%clk 00:10:21]} {[%emt 00:00:02]} g6
{[%clk 00:10:01]} {[%emt 00:00:08]} 7. d4 {[%clk 00:10:24]} {[%emt 00:00:02]}
cxd4 {[%clk 00:10:03]} {[%emt 00:00:03]} 8. Nxd4 {[%clk 00:10:27]} {[%emt
00:00:02]} Bg7 {[%clk 00:10:06]} {[%emt 00:00:03]} 9. f3 {[%clk 00:10:21]}
{[%emt 00:00:10]} O-O {[%clk 00:10:08]} {[%emt 00:00:03]} 10. Be3 {[%clk
00:10:11]} {[%emt 00:00:17]} Ne5 {[%clk 00:09:59]} {[%emt 00:00:14]} 11. b3
{[%clk 00:10:14]} a6 {[%clk 00:09:32]} {[%emt 00:00:33]} 12. a4 {[%clk
00:10:16]} {[%emt 00:00:02]} Nfd7 {[%clk 00:09:06]} {[%emt 00:00:31]} 13. O-O
{[%clk 00:09:37]} {[%emt 00:00:43]} Rc8 {[%clk 00:08:31]} {[%emt 00:00:40]} 14.
Kh1 {[%clk 00:09:35]} {[%emt 00:00:07]} Nc6 {[%clk 00:08:00]} {[%emt 00:00:37]}
15. Rb1 {[%clk 00:09:28]} {[%emt 00:00:11]} Nxd4 {[%clk 00:07:18]} {[%emt
00:00:47]} 16. Bxd4 {[%clk 00:09:31]} {[%emt 00:00:02]} Bxd4 {[%clk 00:07:09]}
{[%emt 00:00:16]} 17. Qxd4 {[%clk 00:09:33]} {[%emt 00:00:03]} Qb6 {[%clk
00:07:12]} {[%emt 00:00:02]} 18. Qd1 {[%clk 00:09:19]} {[%emt 00:00:18]} Nf6
{[%clk 00:06:55]} {[%emt 00:00:23]} 19. Qd2 {[%clk 00:09:13]} {[%emt 00:00:11]}
Qc5 {[%clk 00:06:25]} {[%emt 00:00:35]} 20. Rbe1 {[%clk 00:08:54]} {[%emt
00:00:24]} Rfe8 {[%clk 00:03:19]} {[%emt 00:03:12]} 21. Rd1 {[%clk 00:06:28]}
{[%emt 00:02:32]} Qc6 {[%clk 00:02:44]} {[%emt 00:00:40]} 22. Qb2 {[%clk
00:06:29]} {[%emt 00:00:02]} Qc5 {[%clk 00:02:31]} {[%emt 00:00:18]} 23. Rfe1
{[%clk 00:06:32]} {[%emt 00:00:02]} Qe5 {[%clk 00:02:27]} {[%emt 00:00:11]} 24.
Qd2 {[%clk 00:06:34]} {[%emt 00:00:01]} Qc5 {[%clk 00:01:46]} {[%emt 00:02:15]}
25. Re2 {[%clk 00:06:35]} {[%emt 00:00:05]} Qc7 {[%clk 00:01:45]} {[%emt
00:00:07]} 26. Rde1 {[%clk 00:06:38]} e5 {[%clk 00:01:39]} {[%emt 00:00:13]} 27.
Rd1 {[%clk 00:06:41]} Red8 {[%clk 00:01:35]} {[%emt 00:00:09]} 28. Qg5 {[%clk
00:06:32]} {[%emt 00:00:33]} Kg7 {[%clk 00:01:03]} {[%emt 00:00:39]} 29. Red2
{[%clk 00:06:31]} {[%emt 00:00:04]} Qe7 {[%clk 00:00:57]} {[%emt 00:00:11]} 30.
Qe3 {[%clk 00:06:24]} {[%emt 00:00:11]} Qe6 {[%clk 00:00:36]} {[%emt 00:00:26]}
31. Rd3 {[%clk 00:06:22]} {[%emt 00:00:07]} Qe7 {[%clk 00:00:30]} {[%emt
00:01:16]} 32. R1d2 {[%clk 00:06:24]} {[%emt 00:00:02]} Rd7 {[%clk 00:00:29]}
{[%emt 00:00:06]} 33. Qe1 {[%clk 00:06:28]} Qe6 {[%clk 00:00:15]} {[%emt
00:00:19]} 34. Qd1 {[%clk 00:06:31]} {[%emt 00:00:01]} Rc6 {[%clk 00:00:15]}
{[%emt 00:00:06]} 35. Nd5 {[%clk 00:06:34]} {[%emt 00:00:02]} Ne8 {[%emt
00:00:15]} 36. Nb4 {[%emt 00:00:19]} Rc8 {[%emt 00:00:01]} 37. Nd5 Rc6 1-0

[Event "Trofeo abierto Universidad de Jaen 2025"]
[Site "Maestra, 16 (Palacio de Cultura)"]
[Date "2025.04.05"]
[Round "6.4"]
[White "Espinola Gomez, Alvaro"]
[Black "Liebana Sanchez, Hugo"]
[Result "0-1"]
[TimeControl "10' + 5\""]
[WhiteFideId "523074930"]
[BlackFideId "94739986"]
[WhiteElo "1770"]
[BlackElo "1912"]

1. e4 {[%clk 00:10:01]} {[%emt 00:00:08]} e6 {[%clk 00:10:08]} {[%emt
00:00:03]} 2. d4 {[%clk 00:10:04]} {[%emt 00:00:02]} d5 {[%clk 00:10:12]} 3.
exd5 {[%clk 00:10:04]} {[%emt 00:00:05]} exd5 {[%clk 00:10:15]} {[%emt
00:00:01]} 4. Nf3 {[%clk 00:09:57]} {[%emt 00:00:13]} Nc6 {[%clk 00:10:19]}
{[%emt 00:00:01]} 5. c3 {[%clk 00:09:56]} {[%emt 00:00:06]} Bg4 {[%clk
00:10:22]} {[%emt 00:00:02]} 6. Bd3 {[%clk 00:09:52]} {[%emt 00:00:10]} Bd6
{[%clk 00:10:24]} {[%emt 00:00:02]} 7. h3 {[%clk 00:09:45]} {[%emt 00:00:12]}
Bh5 {[%clk 00:10:28]} 8. Qe2+ {[%clk 00:09:43]} {[%emt 00:00:07]} Nge7 {[%clk
00:10:27]} {[%emt 00:00:07]} 9. O-O {[%clk 00:09:29]} {[%emt 00:00:19]} Qd7
{[%clk 00:10:30]} {[%emt 00:00:02]} 10. Be3 {[%clk 00:09:11]} {[%emt 00:00:22]}
O-O-O {[%clk 00:10:28]} {[%emt 00:00:08]} 11. Nbd2 {[%clk 00:09:07]} {[%emt
00:00:09]} f6 {[%clk 00:10:31]} {[%emt 00:00:02]} 12. b4 {[%clk 00:08:28]}
{[%emt 00:00:46]} g5 {[%clk 00:10:32]} {[%emt 00:00:02]} 13. a4 {[%clk
00:07:37]} {[%emt 00:00:56]} g4 {[%clk 00:10:35]} {[%emt 00:00:02]} 14. hxg4
{[%clk 00:07:40]} {[%emt 00:00:02]} Bxg4 {[%clk 00:10:39]} {[%emt 00:00:01]} 15.
Qe1 {[%clk 00:07:21]} {[%emt 00:00:24]} Rdg8 {[%clk 00:10:34]} {[%emt
00:00:10]} 16. Nh4 {[%clk 00:07:04]} {[%emt 00:00:21]} Bh3 {[%clk 00:10:06]}
{[%emt 00:00:33]} 17. Qe2 {[%clk 00:06:05]} {[%emt 00:01:05]} Rxg2+ {[%clk
00:07:32]} {[%emt 00:02:39]} 18. Nxg2 {[%clk 00:05:59]} {[%emt 00:00:12]} Rg8
{[%clk 00:07:36]} 19. f3 {[%clk 00:05:17]} {[%emt 00:00:48]} Rxg2+ {[%clk
00:07:35]} {[%emt 00:00:05]} 20. Qxg2 {[%clk 00:05:21]} {[%emt 00:00:01]} Bxg2
{[%clk 00:07:39]} {[%emt 00:00:01]} 21. Kxg2 {[%clk 00:05:24]} {[%emt
00:00:03]} Nf5 {[%clk 00:07:32]} {[%emt 00:00:14]} 22. Bxf5 {[%clk 00:04:35]}
{[%emt 00:00:52]} Qxf5 {[%clk 00:07:35]} {[%emt 00:00:02]} 23. Kf2 {[%clk
00:04:23]} {[%emt 00:00:16]} Qd3 {[%clk 00:07:14]} {[%emt 00:00:27]} 24. Rg1
{[%clk 00:03:57]} {[%emt 00:00:31]} b6 {[%clk 00:07:11]} {[%emt 00:00:08]} 25.
Rac1 {[%clk 00:03:50]} {[%emt 00:00:12]} f5 {[%clk 00:07:03]} {[%emt 00:00:13]}
26. f4 {[%clk 00:03:42]} {[%emt 00:00:11]} Ne7 {[%clk 00:06:33]} {[%emt
00:00:36]} 27. Rge1 {[%clk 00:02:46]} {[%emt 00:01:02]} Ng6 {[%clk 00:06:23]}
{[%emt 00:00:14]} 28. Nf3 {[%clk 00:02:15]} {[%emt 00:00:36]} Nxf4 {[%clk
00:06:11]} {[%emt 00:00:17]} 29. Ne5 {[%clk 00:01:09]} {[%emt 00:01:13]} Bxe5
{[%clk 00:06:08]} {[%emt 00:00:07]} 30. dxe5 {[%clk 00:01:13]} {[%emt
00:00:01]} Qe4 {[%clk 00:06:03]} {[%emt 00:00:10]} 31. Bxf4 {[%clk 00:01:04]}
{[%emt 00:00:15]} Qxf4+ {[%clk 00:06:07]} 32. Kg2 {[%clk 00:01:07]} {[%emt
00:00:01]} Qg4+ {[%clk 00:06:10]} {[%emt 00:00:02]} 33. Kh2 {[%clk 00:00:59]}
{[%emt 00:00:11]} f4 {[%clk 00:06:06]} {[%emt 00:00:10]} 34. Rg1 {[%clk
00:00:30]} {[%emt 00:00:34]} Qe2+ {[%clk 00:06:09]} {[%emt 00:00:03]} 35. Rg2
{[%clk 00:00:29]} {[%emt 00:00:07]} Qxe5 {[%clk 00:06:13]} 36. Rf2 {[%clk
00:00:17]} {[%emt 00:00:16]} f3+ {[%clk 00:06:02]} {[%emt 00:00:16]} 37. Kh1
{[%clk 00:00:11]} {[%emt 00:00:11]} Qg3 {[%clk 00:05:16]} {[%emt 00:00:51]} 38.
Rcf1 {[%clk 00:00:09]} {[%emt 00:00:07]} Qh3+ {[%emt 00:00:08]} 39. Kg1 Qg4+
{[%clk 00:05:16]} {[%emt 00:00:02]} 40. Kh2 {[%clk 00:00:16]} {[%emt 00:00:02]}
Qh5+ {[%clk 00:05:13]} {[%emt 00:00:08]} 41. Kg3 {[%clk 00:00:15]} {[%emt
00:00:06]} Qg6+ {[%clk 00:05:17]} {[%emt 00:00:03]} 42. Kh2 {[%clk 00:00:12]}
{[%emt 00:00:07]} Qh6+ {[%clk 00:05:17]} {[%emt 00:00:05]} 43. Kg3 {[%clk
00:00:14]} {[%emt 00:00:04]} Qg7+ {[%clk 00:05:21]} 44. Kh2 {[%clk 00:00:11]}
{[%emt 00:00:08]} Qxc3 {[%clk 00:05:25]} {[%emt 00:00:01]} 45. Rxf3 {[%clk
00:00:15]} Qxb4 {[%clk 00:05:29]} {[%emt 00:00:04]} 46. Rf4 {[%clk 00:00:15]}
{[%emt 00:00:03]} Qc3 {[%clk 00:05:23]} {[%emt 00:00:08]} 47. R1f3 {[%clk
00:00:19]} {[%emt 00:00:03]} Qe5 {[%clk 00:05:14]} {[%emt 00:00:15]} 48. Kg2
{[%clk 00:00:20]} {[%emt 00:00:04]} Kb7 {[%clk 00:05:17]} {[%emt 00:00:02]} 49.
Rf5 {[%clk 00:00:24]} {[%emt 00:00:02]} Qe4 {[%clk 00:05:19]} {[%emt 00:00:02]}
50. R5f4 {[%clk 00:00:27]} {[%emt 00:00:03]} Qc2+ {[%clk 00:05:23]} 51. Rf2
{[%clk 00:00:31]} Qg6+ {[%clk 00:05:23]} {[%emt 00:00:07]} 52. Kf3 {[%clk
00:00:31]} {[%emt 00:00:05]} h5 {[%clk 00:05:19]} {[%emt 00:00:08]} 53. Ke3
{[%clk 00:00:30]} {[%emt 00:00:06]} Qg5 {[%clk 00:05:13]} {[%emt 00:00:11]} 54.
Kd4 {[%clk 00:00:27]} {[%emt 00:00:07]} h4 {[%clk 00:05:14]} {[%emt 00:00:05]}
55. Rf5 {[%clk 00:00:29]} {[%emt 00:00:04]} Qg4+ {[%clk 00:05:15]} {[%emt
00:00:03]} 56. R5f4 {[%clk 00:00:29]} {[%emt 00:00:06]} Qd1+ {[%clk 00:05:18]}
{[%emt 00:00:02]} 57. Ke3 {[%clk 00:00:29]} {[%emt 00:00:03]} h3 {[%clk
00:05:22]} {[%emt 00:00:04]} 58. Rh4 {[%clk 00:00:22]} {[%emt 00:00:08]} Qe1+
{[%clk 00:05:02]} {[%emt 00:00:28]} 59. Kf3 {[%clk 00:00:19]} {[%emt 00:00:04]}
Qc3+ {[%clk 00:05:05]} {[%emt 00:00:06]} 60. Kg4 {[%clk 00:00:17]} {[%emt
00:00:04]} d4 {[%clk 00:05:04]} {[%emt 00:00:09]} 61. Rxh3 {[%clk 00:00:17]}
{[%emt 00:00:05]} Qc4 {[%clk 00:05:01]} {[%emt 00:00:07]} 62. Rff3 {[%clk
00:00:14]} {[%emt 00:00:08]} Qxa4 {[%clk 00:04:59]} {[%emt 00:00:08]} 63. Rd3
{[%clk 00:00:15]} {[%emt 00:00:04]} Qc4 {[%clk 00:04:54]} {[%emt 00:00:09]} 64.
Kf4 {[%clk 00:00:19]} {[%emt 00:00:01]} Qd5 {[%clk 00:04:57]} 65. Rhf3 {[%clk
00:00:17]} {[%emt 00:00:08]} c5 {[%clk 00:04:52]} {[%emt 00:00:10]} 66. Kg4
{[%clk 00:00:14]} {[%emt 00:00:08]} a5 {[%clk 00:04:25]} {[%emt 00:00:33]} 67.
Rf4 {[%clk 00:00:11]} {[%emt 00:00:08]} a4 {[%clk 00:04:25]} {[%emt 00:00:05]}
68. Kg3 {[%clk 00:00:10]} {[%emt 00:00:05]} Qc4 {[%clk 00:04:02]} {[%emt
00:00:28]} 69. Rff3 {[%clk 00:00:08]} {[%emt 00:00:08]} Qg8+ {[%clk 00:03:59]}
{[%emt 00:00:08]} 70. Kf2 {[%clk 00:00:12]} {[%emt 00:00:01]} Qd5 {[%clk
00:03:57]} {[%emt 00:00:06]} 71. Ra3 {[%clk 00:00:16]} {[%emt 00:00:02]} b5
{[%clk 00:03:59]} {[%emt 00:00:02]} 72. Rg3 {[%clk 00:00:12]} {[%emt 00:00:09]}
c4 {[%clk 00:03:56]} {[%emt 00:00:08]} 73. Ke2 {[%clk 00:00:12]} {[%emt
00:00:05]} d3+ {[%clk 00:03:53]} {[%emt 00:00:08]} 74. Kd2 {[%clk 00:00:11]}
{[%emt 00:00:06]} Qe5 {[%clk 00:03:50]} {[%emt 00:00:08]} 75. Rgxd3 {[%clk
00:00:07]} {[%emt 00:00:09]} cxd3 {[%clk 00:03:52]} {[%emt 00:00:04]} 76. Rxd3
{[%clk 00:00:09]} {[%emt 00:00:02]} Ka6 {[%clk 00:03:55]} {[%emt 00:00:02]} 77.
Kc2 {[%clk 00:00:13]} {[%emt 00:00:01]} Ka5 {[%clk 00:03:59]} 78. Rc3 {[%clk
00:00:09]} {[%emt 00:00:09]} b4 {[%clk 00:04:03]} {[%emt 00:00:01]} 79. Rd3
{[%clk 00:00:10]} {[%emt 00:00:03]} Qe4 {[%clk 00:04:07]} {[%emt 00:00:02]} 80.
Kd2 {[%clk 00:00:13]} {[%emt 00:00:01]} a3 {[%clk 00:04:06]} {[%emt 00:00:05]}
81. Rd8 {[%clk 00:00:11]} {[%emt 00:00:08]} Qf4+ {[%clk 00:04:07]} {[%emt
00:00:03]} 82. Kc2 {[%emt 00:00:03]} Qf5+ 83. Kd1 {[%clk 00:00:06]} {[%emt
00:00:12]} Ka4 {[%clk 00:03:57]} {[%emt 00:00:20]} 84. Rd2 {[%clk 00:00:07]}
{[%emt 00:00:04]} Qb1+ {[%clk 00:03:55]} {[%emt 00:00:07]} 85. Ke2 {[%clk
00:00:11]} {[%emt 00:00:01]} a2 {[%clk 00:03:59]} {[%emt 00:00:01]} 86. Rd8
{[%clk 00:00:11]} {[%emt 00:00:05]} a1=Q {[%clk 00:03:54]} {[%emt 00:00:10]} 87.
Ra8+ {[%clk 00:00:14]} {[%emt 00:00:02]} Kb3 {[%clk 00:03:58]} {[%emt
00:00:01]} 88. Ra3+ {[%clk 00:00:16]} {[%emt 00:00:04]} Kxa3 {[%emt 00:00:10]}
0-1